| Tag |
First Indicator |
Second Indicator |
Subfields |
| LEADER |
00000cam a2200000 a 4500 |
| 001 |
in00002782578 |
| 005 |
20151202171803.0 |
| 008 |
110714s2012 nyuab b 001 0 eng |
| 010 |
|
|
|a 2011024534
|
| 016 |
7 |
|
|a 015880010
|2 Uk
|
| 020 |
|
|
|a 9781614706335 (hardcover)
|
| 020 |
|
|
|a 1614706336 (hardcover)
|
| 035 |
|
|
|a (OCoLC)ocn729343728
|
| 035 |
|
|
|a (OCoLC)729343728
|
| 040 |
|
|
|a DLC
|b eng
|c DLC
|d YDX
|d BTCTA
|d UKMGB
|d OCLCO
|d YDXCP
|d OCLCO
|d UtOrBLW
|
| 042 |
|
|
|a pcc
|
| 049 |
|
|
|a TXAM
|
| 050 |
0 |
0 |
|a TL221.15
|b .P58 2012
|
| 082 |
0 |
0 |
|a 333.79/68
|2 23
|
| 245 |
0 |
0 |
|a Plug-in hybrid electric vehicles and energy use /
|c Christopher B. Hummel, editor.
|
| 264 |
|
1 |
|a New York :
|b Nova Science Publishers,
|c [2012]
|
| 264 |
|
4 |
|c ©2012
|
| 300 |
|
|
|a 190 pages :
|b illustrations, maps ;
|c 27 cm.
|
| 336 |
|
|
|a text
|b txt
|2 rdacontent
|
| 337 |
|
|
|a unmediated
|b n
|2 rdamedia
|
| 338 |
|
|
|a volume
|b nc
|2 rdacarrier
|
| 490 |
1 |
|
|a Energy science, engineering and technology
|
| 504 |
|
|
|a Includes bibliographical references and index.
|
| 650 |
|
0 |
|a Hybrid electric cars
|x Energy consumption.
|
| 650 |
|
0 |
|a Hybrid electric cars
|x Power supply.
|
| 700 |
1 |
|
|a Hummel, Christopher B.
|
| 830 |
|
0 |
|a Energy science, engineering and technology series.
|
| 938 |
|
|
|a Baker and Taylor
|b BTCP
|n BK0009864000
|
| 938 |
|
|
|a YBP Library Services
|b YANK
|n 6945808
|
| 947 |
|
|
|a A14835938390
|
| 945 |
|
|
|a PromptCat
|b 125022
|
| 946 |
|
|
|a stk
|
| 994 |
|
|
|a 92
|b TXA
|
| 948 |
|
|
|a Cataloged
|b h
|c 2012/12/13
|d c
|e EGrant
|
| 999 |
|
|
|a MARS
|
| 999 |
f |
f |
|s 192e80cc-d449-3db7-ac9a-9528fc949125
|i cb7ce40e-b42c-313f-85c1-c60bc262432a
|t 0
|
| 952 |
f |
f |
|p normal
|a Texas A&M University
|b College Station
|c Sterling C. Evans Library
|d Evans: Library Stacks
|t 0
|e TL221.15 .P58 2012
|h Library of Congress classification
|i unmediated -- volume
|m A14835938390
|
| 998 |
f |
f |
|a TL221.15 .P58 2012
|t 0
|l Evans: Library Stacks
|